[Event "Champ FRA - Under 8"]
[Site "Europe Echecs"]
[Date "2020.07.06"]
[Round "1"]
[Time "14:00:04"]
[PlyCount "27"]
[White "EboueZacharie"]
[Black "GongAlex"]
[WhiteElo "1500"]
[BlackElo "1062"]
[Mode "WEB"]
[Result "0-1"]

1. e4 e6 2. d4 d5 3. Nc3 Nf6 4. Bd3 dxe4 5. Nxe4 Nxe4 6. Bxe4 Bd6 7. Nf3 f5 8.
Bg5 Be7 9. Bf4 fxe4 10. O-O exf3 11. Qxf3 O-O 12. Rae1 Bd6 13. Bd2 Rxf3 {EboueZacharie a abandonné} 0-1

[Event "Champ FRA - Under 8"]
[Site "Europe Echecs"]
[Date "2020.07.06"]
[Round "1"]
[Time "14:00:04"]
[PlyCount "139"]
[White "ChevillonInes"]
[Black "ArnouldMaxime"]
[WhiteElo "1060"]
[BlackElo "1450"]
[Mode "WEB"]
[Result "0-1"]

1. e4 e5 2. Nf3 Nc6 3. Bc4 Bc5 4. Nc3 Nf6 5. d3 h6 6. a3 d6 7. h3 Be6 8. Bb3 O-O
9. Nd5 Bxd5 10. exd5 Nd4 11. Ng5 hxg5 12. c3 Nxb3 13. Qxb3 e4 14. Qd1 Re8 15.
O-O Nxd5 16. Re1 Qf6 17. Rf1 e3 18. fxe3 Bxe3+ 19. Bxe3 Qe5 20. Qe2 Nxe3 21.
Rfe1 Qg3 22. Qd2 Nc2 23. Rxe8+ Rxe8 24. Qxc2 Re1+ 25. Rxe1 Qxe1+ 26. Kh2 g4 27.
hxg4 Qh4+ 28. Kg1 Qxg4 29. Qf2 Qd1+ 30. Qf1 Qxf1+ 31. Kxf1 c5 32. Kf2 Kf8 33.
Kf3 Ke7 34. Ke4 Ke6 35. b3 b5 36. Ke3 a5 37. c4 b4 38. axb4 axb4 39. Ke2 Ke5 40.
Ke3 f5 41. Kf3 Kd4 42. Ke2 g5 43. g3 g4 44. Kd2 d5 45. cxd5 Kxd5 46. Ke3 Ke5 47.
Kf2 Kd4 48. Ke2 Kc3 49. Ke3 Kxb3 50. Kf4 Kc3 51. Kxf5 b3 52. Kxg4 b2 53. Kf4
b1=Q 54. g4 Qxd3 55. g5 Qd6+ 56. Kg4 Kd4 57. Kh5 c4 58. g6 Qxg6+ 59. Kxg6 c3 60.
Kg5 c2 61. Kf4 c1=Q+ 62. Kf3 Qe3+ 63. Kg4 Qe5 64. Kf3 Kd3 65. Kg4 Ke4 66. Kh3
Qg5 67. Kh2 Qg4 68. Kh1 Kf3 69. Kh2 Qg2# {ChevillonInes est échec et mat} 0-1

[Event "Champ FRA - Under 8"]
[Site "Europe Echecs"]
[Date "2020.07.06"]
[Round "1"]
[Time "14:00:04"]
[PlyCount "107"]
[White "CerclierAxel"]
[Black "DoucetPaulLoup"]
[WhiteElo "1440"]
[BlackElo "1060"]
[Mode "WEB"]
[Result "0-1"]

1. e4 d5 2. exd5 Nf6 3. Nc3 Nxd5 4. Nf3 Nxc3 5. bxc3 Nc6 6. d3 e5 7. Bg5 f6 8.
Bh4 Bd6 9. d4 g5 10. Bg3 g4 11. Nd2 exd4 12. cxd4 Nxd4 13. Ne4 Bxg3 14. hxg3 Bf5
15. Nc5 Nxc2+ 16. Ke2 Nxa1 17. Qxa1 b6 18. Nb7 Qd3+ 19. Ke1 Qe4+ 20. Kd1 O-O 21.
Nc5 Rfd8+ 22. Nd3 Rd7 23. Qxf6 Rad8 24. Qg5+ Kf8 25. Qf6+ Ke8 26. Qh8+ Ke7 27.
Qg7+ Ke6 28. Rh6+ Bg6 29. Qc3 Qa4+ 30. Ke1 Qe4+ 31. Kd1 Rxd3+ 32. Bxd3 Rxd3+ 33.
Qxd3 Qxd3+ 34. Ke1 Qc3+ 35. Kf1 Qd3+ 36. Kg1 Qd1+ 37. Kh2 Kf5 38. f4 Bf7 39.
Rxh7 Bd5 40. Rd7 Qd2 41. Rxd5+ Qxd5 42. a3 Qg8 43. a4 Qh7+ 44. Kg1 c5 45. a5 c4
46. axb6 axb6 47. Kf2 c3 48. Ke2 Qc7 49. Kd1 c2+ 50. Kc1 b5 51. Kd2 c1=Q+ 52.
Kd3 b4 53. Kd4 Q7c4# {CerclierAxel est échec et mat} 0-1

[Event "Champ FRA - Under 8"]
[Site "Europe Echecs"]
[Date "2020.07.06"]
[Round "1"]
[Time "14:00:04"]
[PlyCount "112"]
[White "TuMathias"]
[Black "YastrebovDanie"]
[WhiteElo "1051"]
[BlackElo "1390"]
[Mode "WEB"]
[Result "1-0"]

1. e4 e5 2. Nf3 Nc6 3. Bc4 Bc5 4. c3 Nf6 5. d4 exd4 6. cxd4 Bb4+ 7. Nc3 Nxe4 8.
O-O Bxc3 9. bxc3 d5 10. Bb5 O-O 11. Qd3 h6 12. Ne5 Nxe5 13. dxe5 c6 14. Ba4 Nc5
15. Qd4 Nxa4 16. Qxa4 Re8 17. Re1 Qc7 18. Qf4 Be6 19. Qg3 Kh7 20. Qh4 Qe7 21.
Qxe7 Rxe7 22. Ba3 Ree8 23. f4 Bf5 24. h3 a6 25. g4 Bd7 26. Kg2 g6 27. Rab1 b5
28. Kg3 g5 29. f5 Kg7 30. f6+ Kg6 31. h4 gxh4+ 32. Kxh4 Rh8 33. Rg1 a5 34. Rbd1
Rae8 35. Be7 c5 36. Rxd5 Rc8 37. Rxd7 b4 38. cxb4 axb4 39. Rc1 Rhe8 40. Rxc5
Rxe7 41. fxe7 Re8 42. Rcc7 f6 43. Rd8 Kf7 44. Rxe8 Kxe8 45. exf6 h5 46. gxh5 b3
47. axb3 Kf7 48. h6 Kg6 49. e8=Q+ Kxf6 50. Qc6+ Ke5 51. Qe8+ Kd6 52. Qd8+ Ke5
53. Re7+ Kf5 54. Qf8+ Kg6 55. Rg7+ Kxh6 56. Qh8# {YastrebovDanie est échec et mat} 1-0

[Event "Champ FRA - Under 8"]
[Site "Europe Echecs"]
[Date "2020.07.06"]
[Round "1"]
[Time "14:00:04"]
[PlyCount "78"]
[White "DavidianAron"]
[Black "PerrinJulian"]
[WhiteElo "1369"]
[BlackElo "1050"]
[Mode "WEB"]
[Result "1-0"]

1. e4 e5 2. Nf3 Nc6 3. Bc4 Nf6 4. d3 Bc5 5. c3 O-O 6. O-O d6 7. Bb3 Bg4 8. Nbd2
Qd7 9. Re1 a6 10. Nf1 b5 11. h3 Bh5 12. Ng3 Bg6 13. d4 exd4 14. cxd4 Bb6 15. Bg5
Qe7 16. Rc1 a5 17. Rxc6 Qd7 18. Rc1 a4 19. Bc2 c5 20. Bxf6 gxf6 21. dxc5 Bxc5
22. e5 fxe5 23. Bxg6 hxg6 24. Rxc5 Rad8 25. Rd5 Rfe8 26. Nxe5 Rxe5 27. Rexe5
dxe5 28. Rxd7 Rxd7 29. Qxd7 Kg7 30. Qxb5 f5 31. Qxe5+ Kh7 32. b4 axb3 33. axb3
Kh6 34. f4 g5 35. Nxf5+ Kg6 36. Ne7+ Kh7 37. Qf6 gxf4 38. Qg6+ Kh8 39. Qg8# {PerrinJulian est échec et mat} 1-0

[Event "Champ FRA - Under 8"]
[Site "Europe Echecs"]
[Date "2020.07.06"]
[Round "1"]
[Time "14:00:04"]
[PlyCount "51"]
[White "KeyrillosGabri"]
[Black "SamouelianSola"]
[WhiteElo "1044"]
[BlackElo "1349"]
[Mode "WEB"]
[Result "0-1"]

1. d4 d5 2. c4 c6 3. cxd5 cxd5 4. Nc3 Nf6 5. Nf3 Nc6 6. e3 e6 7. Bb5 a6 8. Bxc6+
bxc6 9. Ne5 c5 10. dxc5 Bxc5 11. Nf3 Bb7 12. Bd2 O-O 13. Kf1 a5 14. Kg1 Rc8 15.
h3 Bd6 16. Qe2 Ne4 17. Nxe4 dxe4 18. Ne1 f5 19. f4 Qb6 20. Kf2 Bxf4 21. b3 Be5
22. Rb1 f4 23. Kf1 fxe3+ 24. Kg1 exd2+ 25. Qf2 Qxf2# {KeyrillosGabri est échec et mat} 0-1

[Event "Champ FRA - Under 8"]
[Site "Europe Echecs"]
[Date "2020.07.06"]
[Round "1"]
[Time "14:00:04"]
[PlyCount "75"]
[White "GrondinNathan"]
[Black "SakiOmar"]
[WhiteElo "1300"]
[BlackElo "1044"]
[Mode "WEB"]
[Result "0-1"]

1. e4 e5 2. Nf3 Nc6 3. d4 exd4 4. Nxd4 Nf6 5. Nxc6 bxc6 6. Nc3 d5 7. Bd3 dxe4 8.
Bxe4 Nxe4 9. Qxd8+ Kxd8 10. Nxe4 Bf5 11. f3 Bb4+ 12. c3 Ba5 13. b4 Bb6 14. Ng5
Ke8 15. Bf4 h6 16. Nh3 Bxh3 17. gxh3 Ke7 18. Kd1 Rhd8+ 19. Kc2 Kf8 20. a4 Kg8
21. a5 Bf2 22. Rhf1 Bh4 23. Bxc7 Rd7 24. Be5 Bg5 25. f4 Bh4 26. Rg1 f6 27. Bd4
Re8 28. Kb3 Re4 29. Ka4 Rxf4 30. b5 cxb5+ 31. Kxb5 Re7 32. Ka6 f5 33. Bc5 Re6+
34. Kxa7 Bd8 35. a6 Rc4 36. Bf2 Re7+ 37. Ka8 Rc8# {GrondinNathan est échec et mat} 0-1

[Event "Champ FRA - Under 8"]
[Site "Europe Echecs"]
[Date "2020.07.06"]
[Round "1"]
[Time "14:00:04"]
[PlyCount "128"]
[White "NicotValentin"]
[Black "LauerAdam"]
[WhiteElo "1041"]
[BlackElo "1290"]
[Mode "WEB"]
[Result "1/2-1/2"]

1. e4 e5 2. Nf3 Nf6 3. Nxe5 d6 4. Nf3 Nxe4 5. d4 Nc6 6. Bb5 Qe7 7. Qe2 Nf6 8.
Bxc6+ bxc6 9. Nc3 Bb7 10. Bg5 Qxe2+ 11. Nxe2 Be7 12. O-O-O O-O 13. h3 h6 14. Be3
Nd5 15. Bd2 c5 16. dxc5 dxc5 17. Kb1 Rad8 18. Nf4 Nxf4 19. Bxf4 Rc8 20. Rd7 Bxf3
21. gxf3 Bd6 22. Bxd6 cxd6 23. Rxd6 Rfd8 24. Rhd1 Rxd6 25. Rxd6 Re8 26. Rd1 Re2
27. Rf1 Kh7 28. Kc1 Kg6 29. Kd1 Re8 30. Kd2 Kf5 31. Rg1 g5 32. Rg3 Kf4 33. Kd3
Rb8 34. b3 Rc8 35. Kc4 a6 36. c3 h5 37. a4 h4 38. Rg4+ Kxf3 39. Rxg5 Kxf2 40.
Rh5 Kg3 41. Kd3 Kxh3 42. Ke2 Kg4 43. Rh7 f5 44. Kf2 h3 45. Kg1 Kg3 46. Rg7+ Kh4
47. Kh2 Rh8 48. Rg1 f4 49. Rf1 Rf8 50. Rf3 a5 51. Rxh3+ Kg4 52. Rd3 f3 53. Rd1
Re8 54. Kg1 Re2 55. Kf1 Rb2 56. Rd5 Rxb3 57. Rxc5 Kg3 58. Rg5+ Kf4 59. Rxa5 Rxc3
60. Rb5 Ke3 61. Re5+ Kf4 62. Rb5 Kg3 63. Rg5+ Kf4 64. Rb5 {Nulle par répétition} 1/2-1/2

[Event "Champ FRA - Under 8"]
[Site "Europe Echecs"]
[Date "2020.07.06"]
[Round "1"]
[Time "14:00:04"]
[PlyCount "159"]
[White "DuboisSelene"]
[Black "RibreauAnna"]
[WhiteElo "1037"]
[BlackElo "1280"]
[Mode "WEB"]
[Result "0-1"]

1. e4 c5 2. Bc4 e6 3. Nf3 a6 4. O-O b5 5. Be2 Bb7 6. d3 Nc6 7. Be3 d6 8. Nbd2
Be7 9. h3 Nf6 10. d4 cxd4 11. Nxd4 Nxd4 12. Bxd4 O-O 13. e5 dxe5 14. Bxe5 Nd7
15. Bf4 Qb6 16. Be3 Qc6 17. Bf3 Qc7 18. Bxb7 Qxb7 19. Re1 Rac8 20. Bd4 Rc7 21.
Ne4 Rfc8 22. Rc1 Rc6 23. Re2 Qc7 24. Nc3 Qd6 25. Be5 Nxe5 26. Qxd6 Bxd6 27. Rd1
Be7 28. Rxe5 Rd6 29. Rde1 Rd2 30. Ne4 Rdxc2 31. Rb1 Bf6 32. Nxf6+ gxf6 33. Re3
Rd2 34. Rg3+ Kf8 35. Re1 Rcc2 36. Re4 Rxf2 37. Reg4 Rxb2 38. Rg8+ Ke7 39. R3g7
h5 40. Rh7 Rxa2 41. Rxh5 e5 42. Rhh8 Ke6 43. Re8+ Kf5 44. Rh5+ Ke4 45. Rh4+ Kd5
46. Rd8+ Ke6 47. Re8+ Kf5 48. Rh5+ Kg6 49. Reh8 e4 50. R8h6+ Kg7 51. Rh7+ Kf8
52. Rh8+ Ke7 53. Rd5 Rxg2+ 54. Kh1 Rh2+ 55. Kg1 Ke6 56. Rhd8 Rxh3 57. Rc5 Rb3
58. Re8+ Kd7 59. Rec8 Rb1+ 60. Rc1 Rxc1+ 61. Rxc1 e3 62. Rd1+ Ke6 63. Re1 e2 64.
Kg2 f5 65. Kf3 Ke5 66. Rxe2+ Rxe2 67. Kxe2 Ke4 68. Kf2 f4 69. Ke2 f3+ 70. Kf2 a5
71. Kf1 a4 72. Ke1 a3 73. Kd1 a2 74. Kc2 a1=Q 75. Kd2 Qb2+ 76. Ke1 Ke3 77. Kf1
Qd2 78. Kg1 f2+ 79. Kh1 f1=Q# {DuboisSelene est échec et mat} 0-1

[Event "Champ FRA - Under 8"]
[Site "Europe Echecs"]
[Date "2020.07.06"]
[Round "1"]
[Time "14:00:04"]
[PlyCount "25"]
[White "BronnyTitien"]
[Black "PopThomas"]
[WhiteElo "1270"]
[BlackElo "1030"]
[Mode "WEB"]
[Result "0-1"]

1. e4 e5 2. Nf3 Nc6 3. Nc3 Bc5 4. Bb5 Nf6 5. d3 O-O 6. Bxc6 dxc6 7. d4 exd4 8.
Nxd4 Bxd4 9. Qxd4 Qxd4 10. O-O Nxe4 11. Nxe4 Qxe4 12. Re1 Qxe1# {BronnyTitien est échec et mat} 0-1

[Event "Champ FRA - Under 8"]
[Site "Europe Echecs"]
[Date "2020.07.06"]
[Round "1"]
[Time "14:00:04"]
[PlyCount "90"]
[White "LetellierTimot"]
[Black "RobbeHugo"]
[WhiteElo "1027"]
[BlackElo "1270"]
[Mode "WEB"]
[Result "1-0"]

1. e4 c5 2. Nf3 Nc6 3. d4 Nf6 4. Nc3 g6 5. Be2 Bg7 6. Be3 O-O 7. Qd2 Nb4 8. a3
Nc6 9. O-O Qc7 10. Rad1 d6 11. Rfe1 Be6 12. d5 Bd7 13. dxc6 Bxc6 14. Bf4 Nh5 15.
Qe3 Nxf4 16. Qxf4 Be5 17. Nxe5 dxe5 18. Qe3 Rad8 19. Qxc5 b6 20. Qc4 Rxd1 21.
Rxd1 Qb7 22. b4 a6 23. b5 axb5 24. Nxb5 Rc8 25. Qa4 Qc7 26. Nxc7 Rxc7 27. Rd8+
Kg7 28. Qb3 Rb7 29. Rc8 Bd7 30. Ba6 Ra7 31. Qxb6 Bxc8 32. Qxa7 Bxa6 33. Qxa6 Kg8
34. Qb7 Kf8 35. Qc8+ Kg7 36. Qd8 Kf6 37. Qh8+ Ke6 38. a4 Kd6 39. a5 Kc6 40. a6
Kb6 41. Qc8 Kb5 42. a7 Kb4 43. a8=Q Kb5 44. Qaa6+ Kb4 45. Qcc4# {RobbeHugo est échec et mat} 1-0

[Event "Champ FRA - Under 8"]
[Site "Europe Echecs"]
[Date "2020.07.06"]
[Round "1"]
[Time "14:00:04"]
[PlyCount "32"]
[White "MartellierAnto"]
[Black "GrallKynan"]
[WhiteElo "1262"]
[BlackElo "1020"]
[Mode "WEB"]
[Result "1-0"]

1. d4 d6 2. Nf3 Nc6 3. e4 Nf6 4. Nc3 Bg4 5. Bb5 Bxf3 6. gxf3 a6 7. Ba4 b5 8.
Nxb5 axb5 9. Bxb5 Ra6 10. Bxa6 e5 11. Bb5 Qb8 12. Bxc6+ Nd7 13. d5 Be7 14. Bxd7+
Kxd7 15. f4 exf4 16. Bxf4 {GrallKynan a perdu au temps} 1-0

[Event "Champ FRA - Under 8"]
[Site "Europe Echecs"]
[Date "2020.07.06"]
[Round "1"]
[Time "14:00:04"]
[PlyCount "97"]
[White "MoreauBaptiste"]
[Black "CharrierShayan"]
[WhiteElo "1020"]
[BlackElo "1260"]
[Mode "WEB"]
[Result "0-1"]

1. e4 c6 2. d4 d5 3. Nc3 dxe4 4. Nxe4 Bf5 5. Nc3 Nf6 6. Nf3 Nbd7 7. Be2 e6 8.
O-O Be7 9. Bf4 h6 10. Re1 O-O 11. Bd3 Bxd3 12. Qxd3 Nb6 13. Rad1 Nbd5 14. Nxd5
Nxd5 15. Be5 Bf6 16. c4 Nb4 17. Qb3 a5 18. Bf4 Qe7 19. c5 Bg5 20. Bd6 Qd7 21.
Bxf8 Kxf8 22. Nxg5 hxg5 23. a3 Nd5 24. Re5 Qe7 25. Qf3 Qf6 26. Rd3 Ke7 27. Qg3
Nf4 28. Rf3 Qxe5 29. dxe5 Ne2+ 30. Kf1 Nxg3+ 31. Rxg3 f6 32. exf6+ gxf6 33. Ke2
e5 34. Ke3 Rd8 35. b4 axb4 36. axb4 Rd4 37. f3 Rxb4 38. h3 Rb5 39. Kd3 Rxc5 40.
Rg4 Ke6 41. Rb4 Rd5+ 42. Ke3 Rd7 43. g4 c5 44. Rb6+ Kf7 45. Rb5 Rc7 46. Kd3 Ke6
47. Kc4 Kd6 48. Rb6+ Ke7 {MoreauBaptiste a perdu au temps} 0-1

[Event "Champ FRA - Under 8"]
[Site "Europe Echecs"]
[Date "2020.07.06"]
[Round "1"]
[Time "14:00:04"]
[PlyCount "105"]
[White "CotterchioDant"]
[Black "RoganovaJeremy"]
[WhiteElo "1260"]
[BlackElo "1020"]
[Mode "WEB"]
[Result "0-1"]

1. e4 c5 2. c3 d6 3. d4 cxd4 4. cxd4 Nf6 5. Nc3 g6 6. Bb5+ Nc6 7. d5 a6 8. Bxc6+
bxc6 9. dxc6 Qc7 10. Nf3 Qxc6 11. O-O Bg7 12. e5 dxe5 13. Nxe5 Qe6 14. Re1 O-O
15. Bf4 Ng4 16. h3 Nxe5 17. Bxe5 Bxe5 18. Qd2 Bxc3 19. Rxe6 Bxd2 20. Rxe7 Bb4
21. Re4 Bd6 22. Rd1 Bc5 23. Rd5 Bb7 24. Rxc5 Bxe4 25. f3 Bb7 26. Rc7 Bd5 27. Rd7
Bxa2 28. Rd4 Be6 29. f4 Rad8 30. Ra4 Bc8 31. g4 Rd3 32. f5 gxf5 33. gxf5 Rxh3
34. Rg4+ Kh8 35. Kg2 Rb3 36. Rg5 Rxb2+ 37. Kg3 Rg8 38. Rxg8+ Kxg8 39. Kg4 h5+
40. Kg5 a5 41. Kxh5 a4 42. Kg5 a3 43. f6 a2 44. Kh6 a1=Q 45. Kg5 Qg1+ 46. Kf4
Rb4+ 47. Ke5 Qg5+ 48. Kd6 Rd4+ 49. Kc7 Qc5+ 50. Kb8 Rb4+ 51. Ka8 Bb7+ 52. Kb8
Be4# {CotterchioDant est échec et mat} 0-1

[Event "Champ FRA - Under 8"]
[Site "Europe Echecs"]
[Date "2020.07.06"]
[Round "1"]
[Time "14:00:04"]
[PlyCount "23"]
[White "SchmittVavihel"]
[Black "PerrinStephane"]
[WhiteElo "1020"]
[BlackElo "1260"]
[Mode "WEB"]
[Result "0-1"]

1. e4 e5 2. Bc4 Nf6 3. Nc3 Nc6 4. Nf3 Bc5 5. d3 d6 6. Bg5 O-O 7. Bxf6 Qxf6 8.
O-O Bg4 9. Nd5 Qg6 10. h3 Bxh3 11. Nxc7 Qxg2# {SchmittVavihel est échec et mat} 0-1

[Event "Champ FRA - Under 8"]
[Site "Europe Echecs"]
[Date "2020.07.06"]
[Round "1"]
[Time "14:00:04"]
[PlyCount "98"]
[White "ToNamLong"]
[Black "ManvieuPaul"]
[WhiteElo "1260"]
[BlackElo "1018"]
[Mode "WEB"]
[Result "1-0"]

1. e4 e6 2. d3 d5 3. Nd2 c5 4. Ngf3 dxe4 5. dxe4 Nc6 6. g3 Nf6 7. Bg2 Be7 8. O-O
O-O 9. Re1 b6 10. e5 Nd7 11. Nf1 f6 12. exf6 Nxf6 13. h4 Bb7 14. N1h2 Qd6 15.
Ng5 Rad8 16. Qxd6 Rxd6 17. Bf4 Rd7 18. Nxe6 Re8 19. Rad1 Rxd1 20. Rxd1 Bc8 21.
Nc7 Rf8 22. Bxc6 Nh5 23. Bd6 Bxd6 24. Rxd6 Nf6 25. Ne6 Bxe6 26. Rxe6 Rd8 27. Nf3
Rd1+ 28. Kg2 Rd8 29. Ne5 Rd2 30. Be8 Rxc2 31. Bf7+ Kf8 32. g4 Re2 33. g5 Rxe5
34. Rxe5 Kxf7 35. gxf6 Kxf6 36. Rd5 Ke6 37. Rh5 h6 38. Kg3 Kf6 39. Kg4 Ke6 40.
Rf5 g6 41. Rf8 h5+ 42. Kg5 Kd6 43. Kxg6 Kc6 44. Kxh5 Kb7 45. Kg5 Ka6 46. h5 Kb7
47. h6 Ka6 48. h7 Kb7 49. h8=Q {ManvieuPaul a perdu au temps} 1-0

[Event "Champ FRA - Under 8"]
[Site "Europe Echecs"]
[Date "2020.07.06"]
[Round "1"]
[Time "14:00:04"]
[PlyCount "65"]
[White "LamorelleAlexe"]
[Black "ButotQuentin"]
[WhiteElo "1009"]
[BlackElo "1250"]
[Mode "WEB"]
[Result "0-1"]

1. e4 e5 2. Nf3 Nf6 3. Nc3 Nc6 4. Bb5 a6 5. Bxc6 dxc6 6. Nxe5 Bd6 7. Nf3 O-O 8.
e5 Qe8 9. d4 Nd5 10. Nxd5 cxd5 11. O-O Bb4 12. c3 Be7 13. Bf4 Qb5 14. b3 Bf5 15.
Re1 Qd3 16. Qxd3 Bxd3 17. e6 fxe6 18. Rxe6 Rxf4 19. Rxe7 Be4 20. Rxc7 Bxf3 21.
gxf3 Rxf3 22. Rxb7 Rxc3 23. Rd7 Rf8 24. Rxd5 Rc2 25. Rf1 h5 26. a4 Rb2 27. Ra5
Rxb3 28. Rxa6 Rb4 29. d5 Rg4+ 30. Kh1 Rgf4 31. Kg2 Rg4+ 32. Kh3 Rf3# {LamorelleAlexe est échec et mat} 0-1

[Event "Champ FRA - Under 8"]
[Site "Europe Echecs"]
[Date "2020.07.06"]
[Round "1"]
[Time "14:00:04"]
[PlyCount "59"]
[White "RichardAlexis"]
[Black "AboulasseGhita"]
[WhiteElo "1250"]
[BlackElo "1008"]
[Mode "WEB"]
[Result "0-1"]

1. e4 c5 2. Nf3 Nc6 3. Bc4 Nf6 4. Nc3 g6 5. O-O Bg7 6. d3 O-O 7. Bg5 d6 8. Bb5
Bg4 9. h3 Bxf3 10. Qxf3 Nd4 11. Qd1 Qb6 12. Bxf6 Bxf6 13. Re1 Nxb5 14. Nxb5 Qxb5
15. a4 Qd7 16. Re2 Bxb2 17. Rb1 Bg7 18. Qe1 b6 19. c4 Bd4 20. Kf1 Rab8 21. f3 a6
22. Qg3 b5 23. axb5 axb5 24. cxb5 Rxb5 25. Rxb5 Qxb5 26. Rd2 Ra8 27. Ke2 Ra1 28.
h4 Qb1 29. f4 Qf1# {RichardAlexis est échec et mat} 0-1

[Event "Champ FRA - Under 8"]
[Site "Europe Echecs"]
[Date "2020.07.06"]
[Round "1"]
[Time "14:00:04"]
[PlyCount "76"]
[White "MelkumyanDavid"]
[Black "CosynsThibault"]
[WhiteElo "1240"]
[BlackElo "990"]
[Mode "WEB"]
[Result "1-0"]

1. e4 d5 2. exd5 Qxd5 3. Nc3 Qe5+ 4. Be2 Bg4 5. f3 Bd7 6. d3 Nc6 7. Bd2 O-O-O 8.
f4 Qf5 9. Nf3 e6 10. O-O h6 11. Be3 g6 12. Bd4 Nf6 13. Bxf6 Qxf6 14. Nd2 e5 15.
Nde4 Qf5 16. fxe5 Nxe5 17. Rxf5 gxf5 18. Nf6 Be6 19. d4 Ng6 20. d5 Bd7 21. Nxd7
Rxd7 22. Rc1 Nf4 23. Bf3 c6 24. Qd2 Ne6 25. Qe2 cxd5 26. Bxd5 Nd4 27. Qe8+ Kc7
28. Qe5+ Rd6 29. Qxh8 Be7 30. Qxd4 Bg5 31. Nb5+ Kd7 32. Nxd6 Kxd6 33. Rd1 f4 34.
Bxf7+ Ke7 35. Qd6+ Kxf7 36. Qd7+ Kf6 37. Rd6+ Ke5 38. Qe6# {CosynsThibault est échec et mat} 1-0

[Event "Champ FRA - Under 8"]
[Site "Europe Echecs"]
[Date "2020.07.06"]
[Round "1"]
[Time "14:00:04"]
[PlyCount "35"]
[White "SinivassaneNil"]
[Black "NottperaltaGab"]
[WhiteElo "980"]
[BlackElo "1231"]
[Mode "WEB"]
[Result "0-1"]

1. e4 Nf6 2. e5 Nd5 3. Bc4 Nb6 4. Bb3 e6 5. Nf3 d6 6. exd6 Bxd6 7. O-O O-O 8. h3
Nc6 9. Nc3 Qf6 10. d3 Ne5 11. Nxe5 Qxe5 12. g3 Qc5 13. Be3 Qc6 14. a3 e5 15. d4
Bxh3 16. Re1 Rad8 17. dxe5 Qg2# {SinivassaneNil est échec et mat} 0-1

[Event "Champ FRA - Under 8"]
[Site "Europe Echecs"]
[Date "2020.07.06"]
[Round "1"]
[Time "14:00:04"]
[PlyCount "88"]
[White "DuquesneAdrien"]
[Black "BocheNicolay"]
[WhiteElo "1230"]
[BlackElo "960"]
[Mode "WEB"]
[Result "1-0"]

1. e4 e5 2. Bc4 Nf6 3. Qf3 Be7 4. g4 O-O 5. g5 Ne8 6. h4 d6 7. h5 Nc6 8. g6 Nd4
9. gxh7+ Kxh7 10. Qd3 a6 11. c3 Nc6 12. h6 Kg8 13. hxg7 Nxg7 14. Qe3 Bg5 15. Qg3
Bf4 16. Qh4 Qxh4 17. Rxh4 Bg5 18. Rh2 Bf4 19. Rg2 b5 20. Bd5 Bb7 21. Bxc6 Bxc6
22. f3 a5 23. Ne2 Bh6 24. d4 exd4 25. Bxh6 d3 26. Rxg7+ Kh8 27. Nd4 Bd7 28. Rg1
Rg8 29. Rxg8+ Kxg8 30. Nd2 Kh7 31. Be3 c6 32. O-O-O c5 33. Rh1+ Kg7 34. Nf5+
Bxf5 35. exf5 c4 36. Bh6+ Kf6 37. Ne4+ Ke7 38. Bg5+ Kd7 39. Rh7 Kc6 40. Rxf7 d5
41. Rf6+ Kd7 42. Nc5+ Kc7 43. Bf4+ Kc8 44. Rf8# {BocheNicolay est échec et mat} 1-0

[Event "Champ FRA - Under 8"]
[Site "Europe Echecs"]
[Date "2020.07.06"]
[Round "1"]
[Time "14:00:04"]
[PlyCount "130"]
[White "SchluppLea"]
[Black "AnseeuwEmma"]
[WhiteElo "960"]
[BlackElo "1228"]
[Mode "WEB"]
[Result "1-0"]

1. e4 e5 2. Nf3 Nc6 3. Bc4 Nf6 4. d3 Bc5 5. Be3 Bxe3 6. fxe3 d6 7. Nc3 O-O 8.
O-O h6 9. h3 a6 10. a3 b5 11. Bd5 Nxd5 12. exd5 Ne7 13. b3 Bb7 14. e4 f5 15. a4
b4 16. Ne2 c6 17. dxc6 Bxc6 18. c3 bxc3 19. Nxc3 fxe4 20. dxe4 Qb6+ 21. Kh1 Nc8
22. Ra2 Qb4 23. Ne2 Qxe4 24. Nc3 Qg6 25. Rg1 Bxf3 26. gxf3 Qh5 27. Kg2 Qg5+ 28.
Kh2 Qf4+ 29. Kh1 Qh4 30. Kh2 Ra7 31. Rg4 Qf2+ 32. Rxf2 Rb7 33. Rfg2 Rff7 34. h4
Rb6 35. Nd5 Rc6 36. Nb4 Rc3 37. Nd5 Rcxf3 38. R2g3 Rf2+ 39. Rg2 R2f3 40. h5 Rf1
41. Qe2 R1f5 42. Qxa6 Rxh5+ 43. Kg3 Ne7 44. Nxe7+ Rxe7 45. Qxd6 Rf7 46. Qd8+ Kh7
47. Qd3+ Kg8 48. b4 g5 49. b5 e4 50. Qxe4 Rc7 51. Qe8+ Kh7 52. Qxh5 Rc3+ 53. Kf2
Rc2+ 54. Kf3 Rc3+ 55. Kf2 Rc2+ 56. Kg1 Rc1+ 57. Kh2 Ra1 58. Qf7+ Kh8 59. Qf6+
Kh7 60. Qxa1 Kg6 61. b6 h5 62. b7 hxg4 63. b8=Q Kh5 64. Qbh8+ Kg6 65. Qaf6# {AnseeuwEmma est échec et mat} 1-0

[Event "Champ FRA - Under 8"]
[Site "Europe Echecs"]
[Date "2020.07.06"]
[Round "1"]
[Time "14:00:04"]
[PlyCount "118"]
[White "TavaresRibeiro"]
[Black "YuEtan"]
[WhiteElo "1225"]
[BlackElo "960"]
[Mode "WEB"]
[Result "1-0"]

1. c4 e5 2. Nc3 Nf6 3. Nf3 d6 4. g3 Be7 5. Bg2 Nc6 6. O-O O-O 7. d4 exd4 8. Nxd4
Bd7 9. b3 Rb8 10. Bb2 Nxd4 11. Qxd4 Bg4 12. Qxa7 Bxe2 13. Nxe2 Qc8 14. Qe3 Ng4
15. Qxe7 Re8 16. Qh4 Rxe2 17. Bc3 Qf5 18. Bh3 Re4 19. f3 Re3 20. Bxg4 Qd3 21.
Rac1 f5 22. Qg5 Kf7 23. Qxf5+ Qxf5 24. Bxf5 Rf8 25. Be4 Kg8 26. Rc2 c6 27. Bd4
Rxe4 28. fxe4 Re8 29. Re1 h6 30. Rce2 c5 31. Bc3 Kh7 32. e5 dxe5 33. Rxe5 Rf8
34. Re7 Rg8 35. Rxb7 Kg6 36. Ree7 h5 37. Rxg7+ Rxg7 38. Rxg7+ Kf5 39. Kf2 Ke4
40. Rd7 Kf5 41. h3 Ke6 42. Rd5 Kf7 43. Ke3 Kg6 44. Kf4 Kh6 45. g4 hxg4 46. Kxg4
Kg6 47. Rd6+ Kf7 48. Kf5 Ke7 49. Rh6 Kd7 50. Ke5 Kc7 51. Kd5 Kb7 52. Kxc5 Kc7
53. Rh7+ Kd8 54. Kd6 Ke8 55. Ra7 Kf8 56. Ke6 Kg8 57. Kf6 Kh8 58. Kg6+ Kg8 59.
Ra8# {YuEtan est échec et mat} 1-0

[Event "Champ FRA - Under 8"]
[Site "Europe Echecs"]
[Date "2020.07.06"]
[Round "1"]
[Time "14:00:04"]
[PlyCount "71"]
[White "GriffonLoris"]
[Black "Schoenenberger"]
[WhiteElo "1200"]
[BlackElo "950"]
[Mode "WEB"]
[Result "0-1"]

1. e4 e5 2. Nf3 Nc6 3. d4 exd4 4. Nxd4 Bb4+ 5. c3 Nxd4 6. Qxd4 Bd6 7. g3 b6 8.
Bg2 Qf6 9. O-O Bc5 10. Qd5 c6 11. Qd3 d5 12. exd5 Bf5 13. Qf3 Bh3 14. Bxh3 Qxf3
15. dxc6 Qxc6 16. Bg2 Qc8 17. Bxa8 Qxa8 18. Re1+ Be7 19. Nd2 Nf6 20. Nc4 Qc8 21.
b3 b5 22. Ne5 Qe6 23. Bf4 Nh5 24. Be3 Qxe5 25. Bf4 Qxc3 26. Rec1 Qf3 27. Be5 Bc5
28. Bxg7 Qxf2+ 29. Kh1 Rg8 30. Be5 Rg5 31. Bc7 Nf4 32. Rf1 Qd4 33. Rfe1+ Be7 34.
Rad1 Qf2 35. Rf1 Qg2# {GriffonLoris est échec et mat} 0-1

[Event "Champ FRA - Under 8"]
[Site "Europe Echecs"]
[Date "2020.07.06"]
[Round "1"]
[Time "14:00:04"]
[PlyCount "140"]
[White "BennaniJohan"]
[Black "BuchlinAdrien"]
[WhiteElo "940"]
[BlackElo "1190"]
[Mode "WEB"]
[Result "1-0"]

1. e4 e5 2. d4 Nc6 3. Nf3 d6 4. Nc3 Nf6 5. Bc4 h6 6. d5 Ne7 7. O-O Bg4 8. Re1 c6
9. Be3 Bh5 10. Qe2 Qc7 11. Rad1 a6 12. Bd2 Rd8 13. Qd3 Bxf3 14. Qxf3 cxd5 15.
exd5 Qa5 16. Ne4 Qc7 17. Bb3 Nfxd5 18. Bxd5 Nxd5 19. Qa3 Nb6 20. Ba5 f5 21. Bxb6
Qxb6 22. Nc3 g6 23. Nd5 Qa7 24. Nf6+ Kf7 25. Nd5 h5 26. Nc7 Rc8 27. Nb5 Qc5 28.
Qxc5 dxc5 29. Nd6+ Bxd6 30. Rxd6 Rhe8 31. Rd7+ Kf6 32. Rxb7 Re7 33. Rb6+ Kf7 34.
Rxa6 Kg7 35. a4 Rd8 36. Rc6 Red7 37. f3 Rd2 38. a5 Rxc2 39. a6 Ra8 40. Ra1 Rxb2
41. a7 Rb7 42. Rca6 c4 43. Kf1 c3 44. Ke1 c2 45. Kd2 Rc7 46. R1a2 Kh6 47. Kc1 h4
48. Rxc2 Rcxa7 49. Re6 Ra5 50. Re2 Rc8+ 51. Kd1 Ra1+ 52. Kd2 Rd8+ 53. Ke3 Ra3+
54. Kf2 Ra7 55. R6xe5 Rd4 56. h3 Raa4 57. g4 fxg4 58. hxg4 Ra6 59. Rh5+ Kg7 60.
Rxh4 Rad6 61. Re7+ Kf6 62. Re3 Rd2+ 63. Kg3 R2d4 64. f4 R4d5 65. g5+ Kf7 66.
Rh7+ Kf8 67. Ree7 Rd3+ 68. Kg4 Rb3 69. Rc7 Rd8 70. Rh8# {BuchlinAdrien est échec et mat} 1-0

[Event "Champ FRA - Under 8"]
[Site "Europe Echecs"]
[Date "2020.07.06"]
[Round "1"]
[Time "14:00:04"]
[PlyCount "28"]
[White "CharrierMojane"]
[Black "GlonTombiAmbas"]
[WhiteElo "1190"]
[BlackElo "920"]
[Mode "WEB"]
[Result "1-0"]

1. d4 d5 2. Nf3 Nf6 3. Bf4 e6 4. e3 Bd6 5. Bg3 O-O 6. c3 Nc6 7. Bd3 Bd7 8. Qc2
Qe7 9. Nbd2 e5 10. O-O-O e4 11. Ng5 exd3 12. Qxd3 Bxg3 13. hxg3 Ng4 14. Qxh7# {GlonTombiAmbas est échec et mat} 1-0